000 00719nam a22002297a 4500
003 UA-OsUOA
001 109019
007 ta
008 20141125b un ||||| |||| 00| 0 ukr d
100 _aСаліхова О.
700 _aБак Г.
090 _a330(477)
_bС16
942 _cSA
040 _aUA-OsUOA
_bukr
_cUA-OsUOA
_dUA-OsUOA
245 _aВплив технологічних ресурсів ТНК на інноваційно-інвестиційні процеси промисловості України
300 _aС.35-39
955 _a0
041 _aukr
080 _a330(477)
773 0 _w109017
_tЕкономіст
_dК.
_d2014
_g10
650 7 _a330 Економіка взагалі
_2UDC
999 _c395175
_d395175